Assessment and management of policy conflict in the Illnois river watershed in Oklahoma: an application of Q methodology (Record no. 54178)

000 -LEADER
fixed length control field 01734pab a2200157 454500
008 - FIXED-LENGTH DATA ELEMENTS--GENERAL INFORMATION
fixed length control field 180718b2002 xxu||||| |||| 00| 0 eng d
100 ## - MAIN ENTRY--PERSONAL NAME
Personal name Focht, Will
245 ## - TITLE STATEMENT
Title Assessment and management of policy conflict in the Illnois river watershed in Oklahoma: an application of Q methodology
260 ## - PUBLICATION, DISTRIBUTION, ETC.
Date of publication, distribution, etc. 2002
300 ## - PHYSICAL DESCRIPTION
Extent p.1311-349.
520 ## - SUMMARY, ETC.
Summary, etc. Environmental policy formulation is a difficult business under the best of circumstances. In many cases, policy making is complicated by factual uncertainty about the likely outcomes of policy intervention and by persistent value conflicts over desired policy ends and goals. This is nowhere more true than in formulating policy to manage adverse impacts to a watershed caused by natural and human activities. In the case of the Illinois River watershed in eastern Oklahoma, controversy over whether and how economic activities in the watershed should be regulated has effectively stifled meaningful policy reforms for three decades. As part of a test of a novel watershed management policymaking protocol funded by the US Environmental Protection Agency, a Q methodological study of stakeholders' perspectives on impact concerns and impact management preferences was conducted to diagnose the conflicts that have pre-empted policy initiatives for so long. We found that the conflicts that exist are not bipolar, but orthogonal - opening the way to potential super-optimum solutions that can satisfy everyone. This study demonstrates the power of Q methodology to assess conflict and thereby suggest strategies for its resolution. - Reproduced.
650 ## - SUBJECT ADDED ENTRY--TOPICAL TERM
Topical term or geographic name entry element Conflict resolution
650 ## - SUBJECT ADDED ENTRY--TOPICAL TERM
Topical term or geographic name entry element Watersheds
773 ## - HOST ITEM ENTRY
Main entry heading International Journal of Public Administration
909 ## -
-- 54178
Holdings
Withdrawn status Lost status Damaged status Not for loan Permanent Location Current Location Date acquired Serial Enumeration / chronology Barcode Date last seen Price effective from Koha item type
        Indian Institute of Public Administration Indian Institute of Public Administration 2018-07-19 Volume no: 25, Issue no: 11 AR54623 2018-07-19 2018-07-19 Articles

Powered by Koha